[Event "ISR-chT"]
[Site "Israel"]
[Date "2018.01.05"]
[Round "1.2"]
[White "Bronstein, Or"]
[Black "Galburd, Yan"]
[Result "1-0"]
[WhiteElo "2337"]
[BlackElo "2344"]
[PlyCount "101"]
[EventDate "2018.01.05"]
[EventType "team-tourn"]
[EventRounds "11"]
[EventCountry "ISR"]
[SourceTitle "CBM 182 Extra"]
[Source "ChessBase"]
[SourceDate "2018.02.23"]
[SourceVersion "1"]
[SourceVersionDate "2018.02.23"]
[SourceQuality "1"]
[WhiteTeam "Rishon Le Zion Feldklein"]
[BlackTeam "Tsafrir Rehovot"]
[WhiteTeamCountry "ISR"]
[BlackTeamCountry "ISR"]

1. d4 Nf6 2. c4 g6 3. Nc3 Bg7 4. e4 0-0 5. Nf3 d6 6. Be2 Nbd7 7. 0-0 e5 8. Re1 h6 9. Bf1 Nh7 10. g3 Ng5 11. d5 Nxf3+ 12. Qxf3 f5 13. Qe2 f4 14. Bh3 a5 15. b3 Nf6 16. Bxc8 Qxc8 17. f3 Nh7 18. Rf1 h5 19. Qg2 Qd7 20. Kh1 Rf6 21. gxf4 exf4 22. Bb2 g5 23. Ne2 Rg6 24. Bxg7 Qxg7 25. Rad1 Qe5 26. Nc1 Rf8 27. Nd3 Qg7 28. Qb2 Qxb2 29. Nxb2 Nf6 30. c5 dxc5 31. Nc4 g4 32. e5 Nd7 33. fxg4 hxg4 34. e6 Nb6 35. Nxb6 cxb6 36. e7 Ra8 37. d6 Kf7 38. Rxf4+ Ke6 39. d7 Kxe7 40. Re4+ Re6 41. Rxe6+ Kxe6 42. d8Q Rxd8 43. Rxd8 b5 44. Kg2 c4 45. bxc4 bxc4 46. a4 Ke5 47. Kf2 Ke4 48. Ke2 c3 49. Kd1 Kf3 50. Kc2 Kg2 51. Rh8 1-0

[Event "Fuengirola Uni rapid op"]
[Site "Fuengirola"]
[Date "2017.09.22"]
[Round "6"]
[White "Galburd, Yan"]
[Black "Lukovic, Vladimir"]
[Result "1/2-1/2"]
[WhiteElo "2344"]
[BlackElo "2444"]
[PlyCount "84"]
[EventDate "2017.09.21"]
[EventType "swiss (rapid)"]
[EventRounds "9"]
[EventCountry "ESP"]
[SourceTitle "CBM 180 Extra"]
[Source "ChessBase"]
[SourceDate "2017.10.06"]
[SourceVersion "1"]
[SourceVersionDate "2017.10.06"]
[SourceQuality "1"]

1. d4 d5 2. Nc3 Nf6 3. Bf4 c6 4. e3 Qb6 5. Rb1 Bf5 6. Bd3 Bxd3 7. cxd3 Nbd7 8. Nf3 e6 9. 0-0 Be7 10. b4 0-0 11. Na4 Qa6 12. Nc5 Nxc5 13. bxc5 Nd7 14. Qc2 Rfc8 15. Ne5 Nxe5 16. Bxe5 b6 17. Bg3 Qa5 18. Rfc1 f6 19. a4 Bf8 20. Qc3 Qa6 21. Qb3 bxc5 22. dxc5 e5 23. d4 exd4 24. exd4 Re8 25. Re1 Qa5 26. f3 g6 27. Re3 Bh6 28. Ree1 Bd2 29. Red1 Re6 30. h4 Rae8 31. Kh2 Re2 32. Qd3 Bh6 33. Qb3 Qa6 34. Rd3 Qc8 35. Rb2 Rxb2 36. Qxb2 Qf5 37. Rb3 Bf4 38. Bxf4 Qxf4+ 39. g3 Qf5 40. Rb8 Qe6 41. Kg2 Kf8 42. Rxe8+ Qxe8 1/2-1/2

[Event "Fuengirola Uni rapid op"]
[Site "Fuengirola"]
[Date "2017.09.22"]
[Round "4"]
[White "Grimm, Daniel"]
[Black "Galburd, Yan"]
[Result "0-1"]
[WhiteElo "2319"]
[BlackElo "2344"]
[PlyCount "120"]
[EventDate "2017.09.21"]
[EventType "swiss (rapid)"]
[EventRounds "9"]
[EventCountry "ESP"]
[SourceTitle "CBM 180 Extra"]
[Source "ChessBase"]
[SourceDate "2017.10.06"]
[SourceVersion "1"]
[SourceVersionDate "2017.10.06"]
[SourceQuality "1"]

1. e4 e6 2. Nf3 d5 3. e5 c5 4. c3 Nc6 5. Bb5 Bd7 6. Ba4 Nge7 7. 0-0 Ng6 8. Re1 Be7 9. a3 Rc8 10. b4 Qc7 11. d4 cxd4 12. cxd4 0-0 13. Be3 b5 14. Bxb5 Ncxe5 15. Bf1 Nxf3+ 16. Qxf3 a5 17. b5 a4 18. Ra2 Qa5 19. Bd2 Qb6 20. Qd3 Rc4 21. Qe3 Rxd4 22. Bc3 Bc5 23. Bxd4 Bxd4 24. Qd2 Rc8 25. Qd1 Qa5 26. Qd2 Qb6 27. Qd1 Qa5 28. Qd2 Qa7 29. Rc2 Rb8 30. Rec1 Ne5 31. h3 g6 32. Nc3 Be8 33. Rd1 Bc5 34. Qc1 Nd7 35. Qf4 Ra8 36. Qc1 Bb6 37. g3 Nc5 38. h4 Nb3 39. Qh6 Qe7 40. Re2 Qxa3 41. Rd3 Qc1 42. Qxc1 Nxc1 43. Rd1 Nxe2+ 44. Bxe2 a3 45. Na2 Rc8 46. Bd3 e5 47. Kg2 e4 48. Bb1 Rc5 49. Nb4 Rxb5 50. Nxd5 Kg7 51. Nc3 Rb2 52. Bxe4 Rxf2+ 53. Kh3 Ba5 54. Nd5 Bd7+ 55. g4 Rb2 56. Rd3 a2 57. Ra3 Rb3+ 58. Rxb3 a1Q 59. Bg2 Qd1 60. Rg3 h5 0-1

[Event "Fuengirola Uni rapid op"]
[Site "Fuengirola"]
[Date "2017.09.21"]
[Round "3"]
[White "Galburd, Yan"]
[Black "Lewicki, Miroslaw"]
[Result "0-1"]
[WhiteElo "2344"]
[BlackElo "2346"]
[PlyCount "100"]
[EventDate "2017.09.21"]
[EventType "swiss (rapid)"]
[EventRounds "9"]
[EventCountry "ESP"]
[SourceTitle "CBM 180 Extra"]
[Source "ChessBase"]
[SourceDate "2017.10.06"]
[SourceVersion "1"]
[SourceVersionDate "2017.10.06"]
[SourceQuality "1"]

1. d4 Nf6 2. c4 e6 3. Nf3 b6 4. a3 Bb7 5. Nc3 Be7 6. d5 0-0 7. e4 d6 8. Bd3 e5 9. b4 Nbd7 10. h3 a5 11. Be3 Nh5 12. Ne2 g6 13. g4 Ng7 14. Ng3 c6 15. Bh6 axb4 16. axb4 b5 17. dxc6 bxc4 18. Bxc4 Bxc6 19. 0-0 Nb6 20. Bd3 f5 21. Rxa8 Qxa8 22. Re1 f4 23. Nf1 Rf7 24. N1d2 Bf8 25. Nc4 Rb7 26. Qb3 Kh8 27. Na5 Ba4 28. Qa2 Rc7 29. Ng5 Be8 30. Ra1 Qc8 31. b5 Ra7 32. Kg2 d5 33. Qd2 Qa8 34. f3 Be7 35. exd5 Qxd5 36. Qe2 Bb4 37. Nb3 Rd7 38. Bc2 Nc4 39. Be4 Qxb5 40. Kh1 Be7 41. Bc2 Bxg5 42. Bxg5 Ne6 43. Bf6+ Kg8 44. Bd3 Rxd3 45. Qxd3 Bc6 46. Rc1 Bd5 47. Bxe5 Qb7 48. Kh2 Nxe5 49. Na5 Qb2+ 50. Kh1 Bxf3+ 0-1